000 00768nam a2200229Ii 4500
003 JO-AjNU
008 230605s9999||||xx |||||||||||||| ||und||
017 _a4367/12/2013
020 _a978-9957-92-072-2
040 _aJO-AjNU
_bara
_erda
_cJO-AjNU
041 _aara
050 1 4 _aBF637.C6.A283.2015
100 3 _aابو عطية، سهام درويش,
_eauthor
_963159
245 0 0 _aمبادئ الارشاد النفسي = PRINCIPLES PSYCYHOLOGICAL COUNSELING
250 _aط3
264 3 1 _aعمان: دار الفكر ناشرون وموزعون، 2015
300 _a384ص
336 _atext
_btxt
_2rdacontent
337 _aunmediated
_bn
_2rdamedia
338 _avolume
_bnc
_2rdacarrier
650 4 _aالارشاد النفسي-علم النفس
_963160
999 _aA28634
_c32202
_d32202